Normal view
MARC view
Entry Personal Name
001 - CONTROL NUMBER
- control field: 168207
003 - CONTROL NUMBER IDENTIFIER
- control field: OSt
005 - DATE AND TIME OF LATEST TRANSACTION
- control field: 20220923224736.0
008 - FIXED-LENGTH DATA ELEMENTS
- fixed length control field: 220923|| aca||aabn | a|a d
040 ## - CATALOGING SOURCE
- Original cataloging agency: OSt
- Transcribing agency: OSt
100 ## - HEADING--PERSONAL NAME
- Personal name: शुक्ल, आचार्य रामचंद्र; मिश्र, विश्वनाथ प्रसाद, संपा
670 ## - SOURCE DATA FOUND
- Source citation: Work cat.: (OSt)373338: शुक्ल, आचार्य रामचंद्र; मिश्र, विश्वनाथ प्रसाद, संपा., सूरदास; सूरदास, 1977
